000 01362cam a2200349 i 4500
001 16820873
003 EG-ScBUE
005 20241128104637.0
008 110610t2011 flua f b 001 0 eng d
020 _a1439809518 (hardcover : alk. paper)
020 _a9781439809518 (hardcover : alk. paper)
035 _a(OCoLC)ocn298781281
040 _aDLC
_beng
_erda
_cDLC
_dYDX
_dBTCTA
_dYDXCP
_dBWX
_dUKMGB
_dCDX
_dDLC
082 0 4 _a519.502462
_222
_bAYY
100 1 _aAyyub, Bilal M.,
_eauthor.
_927441
245 1 0 _aProbability, statistics, and reliability for engineers and scientists /
_cBilal M. Ayyub, Richard H. McCuen, University of Maryland, College Park, USA.
250 _aThird edition.
264 1 _aBoca Raton, FL :
_bCRC Press,
_c[2011]
264 4 _cc2011
300 _axxiii, 639 pages :
_billustrations ;
_c26 cm
336 _2rdacontent
_atext
_btxt
337 _aunmediated
_2rdamedia
_bn
338 _avolume
_bnc
_2rdacarrier
504 _aIncludes bibliographical references and index.
650 7 _aEngineering mathematics.
_2BUEsh
_927442
650 7 _aReliability (Engineering)
_2BUEsh
_927443
653 _cOctober2011
_cOctober2012
655 _vReading book
700 1 _aMcCuen, Richard H.,
_d1941-
_eauthor.
_927444
942 _2ddc
_cBB
999 _c16117
_d16117